| 000 | 00602nam a2200181 a 4500 | ||
|---|---|---|---|
| 001 | 3971 | ||
| 003 | CDMR | ||
| 005 | 20151016131802.0 | ||
| 008 | 130130s2000||||||||||||||||||||||||||||d | ||
| 020 | _a8439838956 | ||
| 040 |
_aCDMR _bcat _cCPC LLEIDA |
||
| 245 | 0 | 0 | _aAnuari de la informació de Catalunya 2000-2001 |
| 260 |
_aBarcelona _c2000 _bCentre Internacional de Premsa de Barcelona |
||
| 650 | 0 | 4 |
_93923 _aMitjans de comunicació de massa _vDirectoris |
| 710 | 2 |
_9133 _aCol·legi de Periodistes de Catalunya |
|
| 710 | 2 |
_94002 _aFundació Centre Internacional de Premsa de Barcelona |
|
| 942 |
_cMON _2ddc |
||
| 999 |
_c3971 _d3971 |
||